Ładuje się......
Indian painting /
| 1. autor: | |
|---|---|
| Format: | Printed Book |
| Język: | English |
| Wydane: |
New Delhi :
ABI Prints & Publishers,
1998.
|
| Hasła przedmiotowe: |
| LEADER | 00512nam a22001577a 4500 | ||
|---|---|---|---|
| 008 | 130713b xxu||||| |||| 00| 0 eng d | ||
| 999 | |c 1180 |d 1180 | ||
| 020 | |a 8186787089 | ||
| 082 | |a 759.954 |b BRO | ||
| 100 | |a Brown, Percy | ||
| 245 | |a Indian painting / |c Percy Brown | ||
| 260 | |a New Delhi : |c 1998. |b ABI Prints & Publishers, | ||
| 300 | |a 132p. | ||
| 650 | |a Painting | ||
| 942 | |2 ddc |c BK | ||
| 952 | |0 0 |1 0 |2 ddc |4 0 |6 759_954000000000000_BRO |7 0 |9 1248 |a MAIN |b MAIN |d 2013-07-13 |g 375.00 |o 759.954 BRO |p 1259 |r 2013-07-13 |w 2013-07-13 |y BK | ||